000 00345nam a22001337a 4500
008 241217b |||||||| |||| 00| 0 eng d
020 _a3386420973
050 _aHD62.5
_b.C66
100 _aHAYHOW, Sally
245 _aBusiness Incubation
260 _aAthens
_bNational Business Incubation Assciation
_c1996
300 _axiii, 380p.
942 _cBK
999 _c1845
_d1845